000 00839nam a2200205Ia 4500
003 PE SENCICO BE
005 20251020182432.0
008 200515s9999 xx 000 0 und d
040 _aPE SENCICO BE
_cPE SENCICO BE
041 _aspa
082 _a351.985
_bI5
110 1 _aInstituto Nacional de Administración Pública.
_92622
_bDirección General de Desarrollo Administrativo Integral
245 1 0 _aLegislación de la administración pública peruana 28 - 07 - 80 a 31 - 08 - 83 /
_cInstituto Nacional de Administración Pública
260 _aLima :
_bInstituto Nacional de Administración Pública. Dirección General de Desarrollo Administrativo Integral ;
_c1983
300 _a[110 hojas] :
_c29 cm.
650 1 0 _aAdministración pública
_91650
650 2 0 _aLegislación
_91707
651 1 0 _9661
_aPerú
942 _cLIB
_2ddc
999 _c285
_d285